Statistics for Commonwealth Nations of the Asia-Pacific Region

Click here to take the quiz!

General Stats

  • This quiz has been taken 9 times
  • The average score is 17 of 19

Answer Stats

Asia-Pacific Countries of the Commonwealth% Correct
Australia
100%
Brunei
100%
Fiji
100%
New Zealand
100%
Papua New Guinea
100%
Samoa
100%
Tonga
100%
Tuvalu
100%
Malaysia
88%
Singapore
88%
Solomon Islands
88%
Bangladesh
75%
India
75%
Kiribati
75%
Maldives
75%
Nauru
75%
Pakistan
75%
Sri Lanka
75%
Vanuatu
75%

Score Distribution

Percentile by Number Answered

Percent of People with Each Score

Your Score History

You have not taken this quiz